000 00498nam a22001697a 4500
003 SGT
020 _a9789383864034
082 _a615.53
_bC14K
100 _aKUMAR, ABHIMANYU
245 _aCONSERVATION , CULTIVATION AND EXPLGRATION OF THERAPEUTICS POTENTIAL OF MEDICINAL PLANTS
250 _a1ST
260 _aNEW DELHI
_bCCRAS
_c2014
300 _a514
650 _aAYURVEDA
653 _aCONSERVATION , CULTIVATION , EXPLGRATION, THERAPEUTICS, POTENTIAL, MEDICINAL, PLANTS
942 _2ddc
_cBK
999 _c34695
_d34695